Advanced construction technology /

Bibliographic Details
Main Author: Chudley, R.
Other Authors: Greeno, Roger
Format: Book
Language:English
Published: Harlow, England ; New York : Prentice Hall, 2006.
Edition:4th ed.
Subjects:

MARC

Tag First Indicator Second Indicator Subfields
LEADER 00000cam a2200000 a 4500
001 in00002195821
005 20151104072032.0
008 060403s2006 enka b 001 0 eng
015 |a GBA646035  |2 bnb 
016 7 |a 013464208  |2 Uk 
020 |a 013201985X (pbk.) 
024 3 |c 9780132019859 (pbk.) 
035 |a (OCoLC)ocm68770109 
040 |a UKM  |c UKM  |d BAKER  |d BWKUK  |d TXA  |d UtOrBLW 
049 |a TXAM 
050 4 |a TH145  |b .C489 2006 
082 0 4 |a 690  |2 22 
100 1 |a Chudley, R. 
245 1 0 |a Advanced construction technology /  |c Roy Chudley and Roger Greeno. 
250 |a 4th ed. 
264 1 |a Harlow, England ;  |a New York :  |b Prentice Hall,  |c 2006. 
300 |a v, 632 pages :  |b illustrations ;  |c 24 cm. 
336 |a text  |b txt  |2 rdacontent 
337 |a unmediated  |b n  |2 rdamedia 
338 |a volume  |b nc  |2 rdacarrier 
500 |a Previous edition: 1999. 
504 |a Includes bibliographical references (pages [624]-625) and index. 
650 0 |a Building. 
700 1 |a Greeno, Roger. 
948 |a cataloged  |b h  |c 2006/9/11  |d c  |e jgreene  |f 10:55:35 am 
994 |a C0  |b TXA 
999 |a MARS 
999 f f |s abd4806d-36c4-3a2c-b5d1-2b13426adbde  |i 5ff694c9-6dc7-3134-b370-0f032d91007b  |t 0 
952 f f |p normal  |a Texas A&M University  |b College Station  |c Sterling C. Evans Library  |d Evans: Library Stacks  |t 0  |e TH145 .C489 2006  |h Library of Congress classification  |i unmediated -- volume  |m A14836475492 
998 f f |a TH145 .C489 2006  |t 0  |l Evans: Library Stacks